[Event "DSJ Weihnachtsturnier U16: Steinitz 2020"]
[Site ""]
[Date "2020.12.28"]
[Round "1"]
[White "Maeno, Yosuke"]
[Black "Kluge, Malte"]
[Result "0-1"]
[Termination "normal"]
[Board "3.3"]
[WhiteElo "1399"]
[BlackElo "1652"]
[WhiteTeam "SF Schwerin"]
[BlackTeam "SF 59 Kornwestheim"]
[PlyCount "76"]
[BlackFideId "16243838"]
[EventRounds "7"]
[EventType "team-swiss"]
[EventDate "2020.12.28"]

1. b4 {[%emt 0:00:13]} e5 {[%emt 0:00:14]} 2. Bb2 {[%emt 0:00:04]} Bxb4 { [%emt
0:00:04]} 3. Bxe5 {[%emt 0:00:04]} Nf6 {[%emt 0:00:09]} 4. c4 {[%emt 0:00:04]}
O-O {[%emt 0:00:10]} 5. e3 {[%emt 0:00:18]} d6 {[%emt 0:00:07]} 6. Bb2 {[%emt
0:00:10]} Bf5 {[%emt 0:00:21]} 7. Nf3 {[%emt 0:00:38]} Nc6 {[%emt 0:00:15]} 8.
Be2 {[%emt 0:00:16]} Re8 {[%emt 0:01:10]} 9. O-O {[%emt 0:00:19]} Ne5 { [%emt
0:00:20]} 10. Nxe5 {[%emt 0:01:14]} dxe5 {[%emt 0:00:04]} 11. Qb3 { [%emt
0:01:02]} Qd6 {[%emt 0:02:17]} 12. d3 {[%emt 0:00:41]} a5 {[%emt 0:00:46] } 13.
Rc1 {[%emt 0:00:16]} a4 {[%emt 0:00:09]} 14. Qc2 {[%emt 0:00:38]} e4 { [%emt
0:00:41]} 15. Bxf6 {[%emt 0:00:39]} Qxf6 {[%emt 0:00:04]} 16. Nc3 { [%emt
0:00:18]} exd3 {[%emt 0:00:15]} 17. Bxd3 {[%emt 0:00:12]} Bxd3 {[%emt 0:00:09]}
18. Qxd3 {[%emt 0:00:11]} Bxc3 {[%emt 0:00:34]} 19. Qxc3 {[%emt 0:00:21]} Qxc3
{[%emt 0:00:06]} 20. Rxc3 {[%emt 0:00:03]} Red8 {[%emt 0:00:13]} 21. g3 {[%emt
0:00:11]} Ra6 {[%emt 0:00:09]} 22. Rc2 {[%emt 0:00:46]} Rad6 { [%emt 0:00:07]}
23. Rb1 {[%emt 0:00:13]} b6 {[%emt 0:00:03]} 24. c5 {[%emt 0:00:20]} bxc5
{[%emt 0:00:06]} 25. Rxc5 {[%emt 0:00:03]} Rd1+ {[%emt 0:00:37]} 26. Rxd1
{[%emt 0:00:09]} Rxd1+ {[%emt 0:00:02]} 27. Kg2 {[%emt 0:00:01]} Rd2 { [%emt
0:00:02]} 28. Rxc7 {[%emt 0:00:02]} g6 {[%emt 0:00:02]} 29. Rc8+ { [%emt
0:00:12]} Kg7 {[%emt 0:00:02]} 30. Ra8 {[%emt 0:00:01]} Rxa2 {[%emt 0:00:02]}
31. Kf3 {[%emt 0:00:03]} a3 {[%emt 0:00:02]} 32. e4 {[%emt 0:00:11]} Ra1 {
[%emt 0:00:06]} 33. Ke3 {[%emt 0:00:04]} a2 {[%emt 0:00:04]} 34. Kd3 {[%emt
0:00:07]} Rd1+ {[%emt 0:00:05]} 35. Kc2 {[%emt 0:00:06]} a1=Q {[%emt 0:00:02]}
36. Rb8 {[%emt 0:00:31]} Qc1+ {[%emt 0:00:06]} 37. Kb3 {[%emt 0:00:09]} Rd3+ {
[%emt 0:00:03]} 38. Ka4 {[%emt 0:00:05]} Ra3+ {[%emt 0:00:08]} 0-1

[Event "DSJ Weihnachtsturnier U16: Steinitz 2020"]
[Site ""]
[Date "2020.12.28"]
[Round "1"]
[White "Afonso, Phil"]
[Black "Baerens, Lennart"]
[Result "1-0"]
[Termination "normal"]
[Board "3.4"]
[WhiteElo "1542"]
[BlackElo "902"]
[WhiteTeam "SF 59 Kornwestheim"]
[BlackTeam "SF Schwerin"]
[PlyCount "113"]
[WhiteFideId "16207475"]
[EventRounds "7"]
[EventType "team-swiss"]
[EventDate "2020.12.28"]

1. e4 {[%emt 0:00:04]} e5 {[%emt 0:00:06]} 2. Nf3 {[%emt 0:00:03]} Nc6 { [%emt
0:00:14]} 3. Bc4 {[%emt 0:00:02]} Nf6 {[%emt 0:00:07]} 4. d3 {[%emt 0:00:06]}
d6 {[%emt 0:00:16]} 5. c3 {[%emt 0:00:04]} Bg4 {[%emt 0:00:08]} 6. Nbd2 { [%emt
0:00:08]} d5 {[%emt 0:00:20]} 7. exd5 {[%emt 0:00:13]} Nxd5 {[%emt 0:00:08]} 8.
h3 {[%emt 0:00:27]} Be6 {[%emt 0:00:10]} 9. O-O {[%emt 0:00:13]} Qd7 { [%emt
0:00:13]} 10. Re1 {[%emt 0:00:12]} f6 {[%emt 0:00:16]} 11. Bxd5 {[%emt
0:01:04]} Qxd5 {[%emt 0:00:07]} 12. Nf1 {[%emt 0:00:15]} O-O-O {[%emt 0:00:16]}
13. d4 {[%emt 0:00:34]} exd4 {[%emt 0:00:42]} 14. cxd4 {[%emt 0:00:06]} Nxd4 {
[%emt 0:00:22]} 15. Qxd4 {[%emt 0:00:44]} Qxd4 {[%emt 0:01:10]} 16. Nxd4 {
[%emt 0:00:48]} Rxd4 {[%emt 0:00:10]} 17. Rxe6 {[%emt 0:00:03]} Rd1 {[%emt
0:00:11]} 18. Re2 {[%emt 0:00:51]} Bd6 {[%emt 0:00:41]} 19. g3 {[%emt 0:01:09]}
Rd8 {[%emt 0:00:17]} 20. Rd2 {[%emt 0:00:28]} Re1 {[%emt 0:00:23]} 21. Kg2 {
[%emt 0:00:22]} Bb4 {[%emt 0:00:15]} 22. Rxd8+ {[%emt 0:00:44]} Kxd8 {[%emt
0:00:06]} 23. a3 {[%emt 0:00:16]} Bc5 {[%emt 0:00:19]} 24. b4 {[%emt 0:00:32]}
Bd4 {[%emt 0:00:12]} 25. Rb1 {[%emt 0:00:03]} Bc3 {[%emt 0:00:21] Schwerin004
reconnected.} 26. h4 {[%emt 0:00:37]} g5 {[%emt 0:00:19]} 27. hxg5 {[%emt
0:00:03]} fxg5 {[%emt 0:00:05]} 28. Bxg5+ {[%emt 0:00:02]} Kd7 {[%emt 0:00:14]}
29. Rxe1 {[%emt 0:00:02]} Bxe1 {[%emt 0:00:10]} 30. Bd2 {[%emt 0:00:01]} Bxd2 {
[%emt 0:00:08]} 31. Nxd2 {[%emt 0:00:01]} c6 {[%emt 0:00:03]} 32. g4 {[%emt
0:00:02]} h6 {[%emt 0:00:05]} 33. f4 {[%emt 0:00:01]} Ke6 {[%emt 0:00:02]} 34.
Kf3 {[%emt 0:00:01]} b5 {[%emt 0:00:04]} 35. Ke4 {[%emt 0:00:04]} a6 {[%emt
0:00:07]} 36. Nb3 {[%emt 0:00:03]} Kf6 {[%emt 0:00:06]} 37. Nc5 {[%emt
0:00:02]} Kg6 {[%emt 0:00:08]} 38. Nxa6 {[%emt 0:00:02]} Kf6 {[%emt 0:00:07]}
39. Nb8 { [%emt 0:00:03]} Ke6 {[%emt 0:00:07]} 40. Nxc6 {[%emt 0:00:02]} Kd6
{[%emt 0:00:04]} 41. Nd4 {[%emt 0:00:02]} Kd7 {[%emt 0:00:09]} 42. f5 {[%emt
0:00:01]} Ke7 {[%emt 0:00:09]} 43. Nxb5 {[%emt 0:00:04]} Kf7 {[%emt 0:00:04]}
44. a4 { [%emt 0:00:01]} h5 {[%emt 0:00:17]} 45. gxh5 {[%emt 0:00:02]} Kg7
{[%emt 0:00:03]} 46. a5 {[%emt 0:00:00]} Kf7 {[%emt 0:00:08]} 47. a6 {[%emt
0:00:01]} Ke7 { [%emt 0:00:02]} 48. f6+ {[%emt 0:00:01]} Kxf6 {[%emt 0:00:06]}
49. a7 {[%emt 0:00:01]} Ke7 {[%emt 0:00:11]} 50. Nd6 {[%emt 0:00:01]} Kxd6
{[%emt 0:00:04]} 51. a8=Q {[%emt 0:00:02]} Kd7 {[%emt 0:00:08]} 52. Qa6 {[%emt
0:00:02]} Kd8 { [%emt 0:00:13]} 53. Qb7 {[%emt 0:00:02]} Ke8 {[%emt 0:00:05]}
54. Qc7 {[%emt 0:00:00]} Kf8 {[%emt 0:00:11]} 55. Kf5 {[%emt 0:00:01]} Kg8
{[%emt 0:00:05]} 56. Kf6 {[%emt 0:00:01]} Kf8 {[%emt 0:00:10]} 57. Qf7# {[%emt
0:00:01]} 1-0

[Event "DSJ Weihnachtsturnier U16: Steinitz 2020"]
[Site ""]
[Date "2020.12.28"]
[Round "1"]
[White "Farokhi, Keyvan"]
[Black "Mehlhorn, David"]
[Result "1-0"]
[Termination "normal"]
[Board "4.1"]
[WhiteElo "2059"]
[BlackElo "1557"]
[WhiteTeam "SK Doppelbauer Kiel"]
[BlackTeam "SGem Aschheim/Feldkirchen/Kirchheim"]
[PlyCount "49"]
[WhiteFideId "12998630"]
[BlackFideId "34607757"]
[EventRounds "7"]
[EventType "team-swiss"]
[EventDate "2020.12.28"]

1. e4 {[%emt 0:00:07]} c5 {[%emt 0:00:01]} 2. Nf3 {[%emt 0:00:02]} Nc6 { [%emt
0:00:01]} 3. d4 {[%emt 0:00:01]} cxd4 {[%emt 0:00:00]} 4. Nxd4 {[%emt 0:00:01]}
e5 {[%emt 0:00:00]} 5. Nb5 {[%emt 0:00:06]} a6 {[%emt 0:00:01]} 6. Nd6+ {[%emt
0:00:02]} Bxd6 {[%emt 0:00:00]} 7. Qxd6 {[%emt 0:00:01]} Qe7 {[%emt 0:00:00]}
8. Qxe7+ {[%emt 0:00:15]} Ngxe7 {[%emt 0:00:00]} 9. Nc3 {[%emt 0:00:02] } d6
{[%emt 0:00:42]} 10. Be3 {[%emt 0:00:17]} O-O {[%emt 0:00:16]} 11. O-O-O {
[%emt 0:00:05]} Rd8 {[%emt 0:00:12]} 12. Bb6 {[%emt 0:00:11]} Rd7 {[%emt
0:00:05]} 13. g3 {[%emt 0:00:03]} f5 {[%emt 0:00:20]} 14. Bc4+ {[%emt 0:00:11]}
Kf8 {[%emt 0:00:05]} 15. Be6 {[%emt 0:00:03]} Rd8 {[%emt 0:00:31]} 16. Bxd8 {
[%emt 0:00:04]} Nxd8 {[%emt 0:00:00]} 17. Bxc8 {[%emt 0:00:03]} Nxc8 {[%emt
0:00:04]} 18. exf5 {[%emt 0:00:03]} Nf7 {[%emt 0:00:03]} 19. Nd5 {[%emt
0:00:06]} b5 {[%emt 0:00:07]} 20. Rhe1 {[%emt 0:00:17]} Ra7 {[%emt 0:00:06]}
21. f4 { [%emt 0:00:04]} exf4 {[%emt 0:00:08]} 22. Nxf4 {[%emt 0:00:00]} Nh6
{[%emt 0:00:03]} 23. Ne6+ {[%emt 0:00:12]} Kg8 {[%emt 0:00:01]} 24. Ng5 {[%emt
0:00:24]} Nxf5 {[%emt 0:00:08]} 25. Re8# {[%emt 0:00:03]} 1-0

[Event "DSJ Weihnachtsturnier U16: Steinitz 2020"]
[Site ""]
[Date "2020.12.28"]
[Round "1"]
[White "Centgraf, Andra's"]
[Black "Rempe, Jonas"]
[Result "1-0"]
[Termination "normal"]
[Board "4.2"]
[WhiteElo "1415"]
[BlackElo "1957"]
[WhiteTeam "SGem Aschheim/Feldkirchen/Kirchheim"]
[BlackTeam "SK Doppelbauer Kiel"]
[PlyCount "161"]
[WhiteFideId "34611177"]
[BlackFideId "16202406"]
[EventRounds "7"]
[EventType "team-swiss"]
[EventDate "2020.12.28"]

1. d4 {[%emt 0:00:04]} Nf6 {[%emt 0:00:04]} 2. c4 {[%emt 0:00:02]} g6 {[%emt
0:00:04]} 3. Nf3 {[%emt 0:00:03]} Bg7 {[%emt 0:00:01]} 4. Nc3 {[%emt 0:00:04]}
d6 {[%emt 0:00:01]} 5. Bg5 {[%emt 0:00:00]} O-O {[%emt 0:00:03]} 6. e3 {[%emt
0:00:03]} Nbd7 {[%emt 0:00:04]} 7. Be2 {[%emt 0:00:01]} c6 {[%emt 0:00:02]} 8.
O-O {[%emt 0:00:02]} Qc7 {[%emt 0:00:01]} 9. Re1 {[%emt 0:00:07]} e5 {[%emt
0:00:03]} 10. c5 {[%emt 0:00:42]} dxc5 {[%emt 0:00:27]} 11. dxe5 {[%emt
0:00:54]} Nxe5 {[%emt 0:00:08]} 12. Rb1 {[%emt 0:00:23]} Rd8 {[%emt 0:00:13]}
13. Qc2 { [%emt 0:00:28]} h6 {[%emt 0:00:32]} 14. Bf4 {[%emt 0:00:24]} Nxf3+
{[%emt 0:00:04]} 15. Bxf3 {[%emt 0:00:04]} Qe7 {[%emt 0:00:02]} 16. Rbd1 {[%emt
0:02:05]} Bg4 {[%emt 0:00:23]} 17. Qe2 {[%emt 0:01:34]} Bxf3 {[%emt 0:00:35]}
18. Qxf3 { [%emt 0:00:00]} Qe6 {[%emt 0:00:02]} 19. e4 {[%emt 0:00:17]} Rd4
{[%emt 0:00:21]} 20. Be3 {[%emt 0:00:10]} Rxd1 {[%emt 0:00:34]} 21. Rxd1 {[%emt
0:00:03]} Re8 {[%emt 0:00:05]} 22. Qh3 {[%emt 0:00:13]} Qxh3 {[%emt 0:00:15]}
23. gxh3 { [%emt 0:00:01]} Nxe4 {[%emt 0:00:01]} 24. Nxe4 {[%emt 0:00:06]} Rxe4
{[%emt 0:00:02]} 25. Rd8+ {[%emt 0:00:04]} Kh7 {[%emt 0:00:10]} 26. Rd7 {[%emt
0:00:04]} Rb4 {[%emt 0:00:07]} 27. Bxc5 {[%emt 0:00:17]} Rxb2 {[%emt 0:00:03]}
28. Rxf7 { [%emt 0:00:06]} Kg8 {[%emt 0:00:09]} 29. Rxg7+ {[%emt 0:00:10]} Kxg7
{[%emt 0:00:05]} 30. Bd4+ {[%emt 0:00:03]} Kf7 {[%emt 0:00:00]} 31. Bxb2 {[%emt
0:00:01] } Ke6 {[%emt 0:00:00]} 32. Kf1 {[%emt 0:00:03]} Kd5 {[%emt 0:00:01]}
33. Ke2 { [%emt 0:00:01]} Kc4 {[%emt 0:00:01]} 34. Kd2 {[%emt 0:00:02]} b5
{[%emt 0:00:01]} 35. h4 {[%emt 0:00:03]} a5 {[%emt 0:00:01]} 36. Bg7 {[%emt
0:00:02]} h5 { [%emt 0:00:01]} 37. f4 {[%emt 0:00:02]} b4 {[%emt 0:00:02]} 38.
Kc2 {[%emt 0:00:02]} a4 {[%emt 0:00:06]} 39. Kb2 {[%emt 0:00:14]} c5 {[%emt
0:00:03]} 40. Bf8 {[%emt 0:00:05]} Kd5 {[%emt 0:00:15]} 41. a3 {[%emt 0:00:09]}
b3 {[%emt 0:00:18]} 42. Kc3 {[%emt 0:00:01]} c4 {[%emt 0:00:03]} 43. Bg7 {[%emt
0:00:08]} Kc5 {[%emt 0:00:17]} 44. Bd4+ {[%emt 0:00:01]} Kd5 {[%emt 0:00:02]}
45. Ba7 { [%emt 0:00:04]} Ke4 {[%emt 0:00:04]} 46. Bb8 {[%emt 0:00:06]} Kd5
{[%emt 0:00:50]} 47. Be5 {[%emt 0:00:07]} Kc5 {[%emt 0:00:02]} 48. Bf6 {[%emt
0:00:04]} Kb5 {[%emt 0:00:06]} 49. Bg7 {[%emt 0:00:13]} Kc5 {[%emt 0:00:02]
Kiel2-002 offers a draw} 50. Bh6 {[%emt 0:00:07]} Kb5 {[%emt 0:00:05]} 51. Bf8
{[%emt 0:00:03]} Kc6 {[%emt 0:00:05]} 52. Kb2 {[%emt 0:00:07]} Kd5 {[%emt
0:00:02]} 53. Bg7 { [%emt 0:00:10]} Kc5 {[%emt 0:00:14]} 54. Kc3 {[%emt
0:00:16]} Kb5 {[%emt 0:00:02]} 55. Kd2 {[%emt 0:00:06]} Kc5 {[%emt 0:00:52]}
56. Bc3 {[%emt 0:00:01]} Kd6 {[%emt 0:00:08]} 57. Ke3 {[%emt 0:00:01]} Kd5
{[%emt 0:00:01]} 58. f5 {[%emt 0:00:05]} gxf5 {[%emt 0:00:01]} 59. Kf4 {[%emt
0:00:01]} Kd6 {[%emt 0:00:07]} 60. Kxf5 {[%emt 0:00:01]} Kd5 {[%emt 0:00:00]}
61. Kf4 {[%emt 0:00:03]} Kd6 { [%emt 0:00:06]} 62. Ke4 {[%emt 0:00:01]} Ke6
{[%emt 0:00:01]} 63. Kd4 {[%emt 0:00:01]} Kf5 {[%emt 0:00:00]} 64. Kxc4 {[%emt
0:00:01]} Kg4 {[%emt 0:00:00]} 65. Kb4 {[%emt 0:00:03]} Kxh4 {[%emt 0:00:00]}
66. Kxa4 {[%emt 0:00:01]} Kh3 { [%emt 0:00:00]} 67. Be5 {[%emt 0:00:00]} b2
{[%emt 0:00:04]} 68. Bxb2 {[%emt 0:00:01]} Kxh2 {[%emt 0:00:00]} 69. Be5+
{[%emt 0:00:01]} Kg2 {[%emt 0:00:01]} 70. Kb5 {[%emt 0:00:01]} Kf3 {[%emt
0:00:02]} 71. a4 {[%emt 0:00:01]} Ke4 { [%emt 0:00:00]} 72. Bc7 {[%emt
0:00:01]} h4 {[%emt 0:00:01]} 73. a5 {[%emt 0:00:02]} h3 {[%emt 0:00:00]} 74.
a6 {[%emt 0:00:01]} Kd5 {[%emt 0:00:04]} 75. Kb6 {[%emt 0:00:01]} Ke6 {[%emt
0:00:01]} 76. Kb7 {[%emt 0:00:01]} Kd7 { [%emt 0:00:02]} 77. Bh2 {[%emt
0:00:01]} Ke6 {[%emt 0:00:03]} 78. a7 {[%emt 0:00:01]} Kd5 {[%emt 0:00:00]} 79.
a8=Q {[%emt 0:00:01]} Kc5 {[%emt 0:00:00]} 80. Qa5+ {[%emt 0:00:01]} Kd4 {[%emt
0:00:01]} 81. Qb4+ {[%emt 0:00:01]} 1-0

[Event "DSJ Weihnachtsturnier U16: Steinitz 2020"]
[Site ""]
[Date "2020.12.28"]
[Round "1"]
[White "Steinbach, Julian"]
[Black "Müller, Fabian"]
[Result "1-0"]
[Termination "normal"]
[Board "4.3"]
[WhiteElo "1704"]
[BlackElo "1205"]
[WhiteTeam "SK Doppelbauer Kiel"]
[BlackTeam "SGem Aschheim/Feldkirchen/Kirchheim"]
[PlyCount "117"]
[WhiteFideId "16247973"]
[BlackFideId "34607846"]
[EventRounds "7"]
[EventType "team-swiss"]
[EventDate "2020.12.28"]

1. e4 {[%emt 0:00:10]} e6 {[%emt 0:00:02]} 2. Nf3 {[%emt 0:00:02]} d5 {[%emt
0:00:01]} 3. Nc3 {[%emt 0:00:06]} c5 {[%emt 0:00:22]} 4. d3 {[%emt 0:00:11]}
Nc6 {[%emt 0:00:07]} 5. Be2 {[%emt 0:00:02]} Nf6 {[%emt 0:00:12]} 6. O-O {[%emt
0:00:03]} Be7 {[%emt 0:00:06]} 7. Bg5 {[%emt 0:00:21]} O-O {[%emt 0:00:08]} 8.
a3 {[%emt 0:00:11]} a5 {[%emt 0:00:03]} 9. a4 {[%emt 0:00:05]} b6 {[%emt
0:00:23]} 10. Nd2 {[%emt 0:00:26]} Ba6 {[%emt 0:00:11]} 11. Nb5 {[%emt
0:00:07]} Na7 { [%emt 0:00:23] Kiel2-003 reconnected.} 12. e5 {[%emt 0:00:31]}
Nxb5 {[%emt 0:00:18]} 13. exf6 {[%emt 0:00:10]} Bxf6 {[%emt 0:00:04]} 14. Bxf6
{[%emt 0:00:14]} Qxf6 {[%emt 0:00:02]} 15. axb5 {[%emt 0:00:01]} Bxb5 {[%emt
0:00:03]} 16. c3 {[%emt 0:00:07]} Bc6 {[%emt 0:00:19]} 17. Nf3 {[%emt 0:00:23]}
Rfe8 { [%emt 0:00:09]} 18. d4 {[%emt 0:00:04]} c4 {[%emt 0:00:20]} 19. Ne5
{[%emt 0:00:31]} Rec8 {[%emt 0:00:14]} 20. Nxc6 {[%emt 0:00:43]} Rxc6 {[%emt
0:00:00]} 21. Qa4 {[%emt 0:00:02]} Rd6 {[%emt 0:00:44]} 22. Bf3 {[%emt
0:00:13]} Qe7 { [%emt 0:01:02]} 23. Qb5 {[%emt 0:00:20]} Qc7 {[%emt 0:00:19]}
24. Rfb1 { [%emt 0:00:17]} g6 {[%emt 0:00:22]} 25. Ra3 {[%emt 0:00:21]} Rc8
{[%emt 0:00:21]} 26. g3 {[%emt 0:00:10]} Qd8 {[%emt 0:00:26]} 27. b3 {[%emt
0:00:21]} cxb3 {[%emt 0:00:03]} 28. Raxb3 {[%emt 0:00:07]} Rdc6 {[%emt
0:00:20]} 29. Qd3 { [%emt 0:00:23]} Qd6 {[%emt 0:00:21]} 30. Qa6 {[%emt
0:01:12]} Rb8 {[%emt 0:00:32]} 31. Rb5 {[%emt 0:00:23]} Kf8 {[%emt 0:00:15]}
32. Rxa5 {[%emt 0:00:06]} bxa5 {[%emt 0:00:11]} 33. Rxb8+ {[%emt 0:00:03]} Qxb8
{[%emt 0:00:17]} 34. Qxc6 {[%emt 0:00:01]} Qb3 {[%emt 0:00:29]} 35. Qc5+ {[%emt
0:00:03]} Kg7 {[%emt 0:00:07]} 36. Qxa5 {[%emt 0:00:01]} Qb1+ {[%emt 0:00:10]}
37. Kg2 {[%emt 0:00:03] } Qd3 {[%emt 0:00:01]} 38. Qc7 {[%emt 0:00:06]} h6
{[%emt 0:00:12]} 39. Qe5+ { [%emt 0:00:02]} Kh7 {[%emt 0:00:05]} 40. Qe3 {[%emt
0:00:01]} Qf5 {[%emt 0:00:05]} 41. g4 {[%emt 0:00:07]} Qf6 {[%emt 0:00:06]} 42.
Kg3 {[%emt 0:00:08]} Qe7 {[%emt 0:00:15]} 43. h4 {[%emt 0:00:04]} g5 {[%emt
0:00:08]} 44. h5 {[%emt 0:00:07]} Qd6+ {[%emt 0:00:04]} 45. Kh3 {[%emt
0:00:07]} f6 {[%emt 0:00:16]} 46. Qd3+ {[%emt 0:00:05]} Kg7 {[%emt 0:00:05]}
47. c4 {[%emt 0:00:01]} dxc4 { [%emt 0:00:02]} 48. Qxc4 {[%emt 0:00:02]} Qf4
{[%emt 0:00:13]} 49. Qd3 { [%emt 0:00:02]} f5 {[%emt 0:00:14]} 50. Qe3 {[%emt
0:00:11]} fxg4+ {[%emt 0:00:05]} 51. Bxg4 {[%emt 0:00:02]} Qf6 {[%emt 0:00:17]}
52. Qe5 {[%emt 0:00:02]} Qxe5 {[%emt 0:00:02]} 53. dxe5 {[%emt 0:00:01]} Kf7
{[%emt 0:00:01]} 54. Kg3 { [%emt 0:00:01]} Ke7 {[%emt 0:00:02]} 55. Kf3 {[%emt
0:00:00]} Kf7 {[%emt 0:00:01]} 56. Ke4 {[%emt 0:00:01]} Ke7 {[%emt 0:00:01]}
57. Kd4 {[%emt 0:00:01]} Kd7 {[%emt 0:00:01]} 58. Kc5 {[%emt 0:00:01]} Kc7
{[%emt 0:00:02]} 59. Bxe6 { [%emt 0:00:03]} 1-0

[Event "DSJ Weihnachtsturnier U16: Steinitz 2020"]
[Site ""]
[Date "2020.12.28"]
[Round "1"]
[White "El Sewisy, Aiman"]
[Black "Woltmann, Peter"]
[Result "0-1"]
[Termination "time forfeit"]
[Board "4.4"]
[WhiteElo "1039"]
[BlackElo "1556"]
[WhiteTeam "SGem Aschheim/Feldkirchen/Kirchheim"]
[BlackTeam "SK Doppelbauer Kiel"]
[PlyCount "44"]
[WhiteFideId "34607803"]
[BlackFideId "16269349"]
[EventRounds "7"]
[EventType "team-swiss"]
[EventDate "2020.12.28"]

1. d4 {[%emt 0:00:06]} g6 {[%emt 0:00:03]} 2. Bf4 {[%emt 0:00:05]} c5 {[%emt
0:00:06]} 3. dxc5 {[%emt 0:00:18]} Qa5+ {[%emt 0:00:04]} 4. Nc3 {[%emt
0:00:19]} Qxc5 {[%emt 0:00:02]} 5. e3 {[%emt 0:00:27]} Bg7 {[%emt 0:00:03]} 6.
Nge2 { [%emt 0:00:09]} Nf6 {[%emt 0:00:10]} 7. g3 {[%emt 0:00:07]} Qc6 {[%emt
0:00:08] } 8. Rg1 {[%emt 0:00:36]} d6 {[%emt 0:00:12]} 9. Bg2 {[%emt 0:00:09]}
Qb6 { [%emt 0:00:04]} 10. b3 {[%emt 0:01:07]} Qa5 {[%emt 0:00:22]} 11. Qd3
{[%emt 0:00:41]} Nc6 {[%emt 0:00:10]} 12. O-O-O {[%emt 0:00:03]} Bf5 {[%emt
0:00:06]} 13. Qb5 {[%emt 0:00:49]} Qa3+ {[%emt 0:00:09]} 14. Kb1 {[%emt
0:00:31]} O-O { [%emt 0:00:08]} 15. Bxc6 {[%emt 0:00:07]} bxc6 {[%emt 0:00:02]}
16. Qxc6 { [%emt 0:00:17]} Ne4 {[%emt 0:00:02]} 17. Na4 {[%emt 0:01:05]} Rfc8
{[%emt 0:00:16]} 18. Qd5 {[%emt 0:00:19]} Nxf2 {[%emt 0:01:09]} 19. Rc1 {[%emt
0:00:59]} Rab8 {[%emt 0:00:18]} 20. Qa5 {[%emt 0:00:25]} Nd3 {[%emt 0:00:52]
Aschhm4-004 offers a draw} 21. g4 {[%emt 0:00:47]} Nxc1 {[%emt 0:00:19]} 22.
Rxc1 {[%emt 0:00:14]} Bd7 {[%emt 0:00:37] TimeW} 0-1

[Event "DSJ Weihnachtsturnier U16: Steinitz 2020"]
[Site ""]
[Date "2020.12.28"]
[Round "1"]
[White "Huber, Benedikt"]
[Black "Burgtorf, Benjamin"]
[Result "1-0"]
[Termination "normal"]
[Board "5.1"]
[WhiteElo "1613"]
[BlackElo "1773"]
[WhiteTeam "SK Kelheim 1920 2"]
[BlackTeam "SchVgg Blankenese von 1923"]
[PlyCount "103"]
[WhiteFideId "16281225"]
[BlackFideId "16242920"]
[EventRounds "7"]
[EventType "team-swiss"]
[EventDate "2020.12.28"]

1. e4 {[%emt 0:00:03]} c6 {[%emt 0:00:02]} 2. d4 {[%emt 0:00:02]} d5 {[%emt
0:00:02]} 3. exd5 {[%emt 0:00:01]} cxd5 {[%emt 0:00:01]} 4. Bd3 {[%emt
0:00:04]} Nc6 {[%emt 0:00:15]} 5. c3 {[%emt 0:00:02]} Nf6 {[%emt 0:00:12]} 6.
Bf4 { [%emt 0:00:06]} Bg4 {[%emt 0:00:07]} 7. Qb3 {[%emt 0:00:01]} Qd7 {[%emt
0:00:08]} 8. Nd2 {[%emt 0:00:03]} e6 {[%emt 0:00:15]} 9. Ngf3 {[%emt 0:00:03]}
Bd6 { [%emt 0:00:02]} 10. Bxd6 {[%emt 0:00:04]} Qxd6 {[%emt 0:00:01]} 11. Qxb7
{ [%emt 0:00:28]} Rb8 {[%emt 0:00:41]} 12. Qa6 {[%emt 0:00:17]} Rb6 {[%emt
0:00:09]} 13. Qc8+ {[%emt 0:01:46]} Nd8 {[%emt 0:00:25]} 14. Rb1 {[%emt
0:00:31]} O-O {[%emt 0:00:10]} 15. Qc5 {[%emt 0:00:05]} Nb7 {[%emt 0:01:17]}
16. Qxd6 { [%emt 0:00:22]} Nxd6 {[%emt 0:00:00]} 17. O-O {[%emt 0:00:03]} a5
{[%emt 0:00:17]} 18. h3 {[%emt 0:00:38]} Bh5 {[%emt 0:00:40]} 19. g4 {[%emt
0:00:23]} Bg6 { [%emt 0:00:03]} 20. Bxg6 {[%emt 0:00:01]} hxg6 {[%emt 0:00:01]}
21. Nb3 { [%emt 0:00:01]} Rfb8 {[%emt 0:00:25]} 22. Nxa5 {[%emt 0:02:12]} Rxb2
{[%emt 0:00:04]} 23. Rxb2 {[%emt 0:00:01]} Rxb2 {[%emt 0:00:01]} 24. Ra1 {[%emt
0:00:56] } Nfe4 {[%emt 0:00:56]} 25. a4 {[%emt 0:01:03]} Nxc3 {[%emt 0:00:06]}
26. Nc6 { [%emt 0:00:10]} Rb1+ {[%emt 0:01:33]} 27. Rxb1 {[%emt 0:00:02]} Nxb1
{[%emt 0:00:00]} 28. a5 {[%emt 0:00:09]} Nb5 {[%emt 0:00:05]} 29. a6 {[%emt
0:00:09]} Nc7 {[%emt 0:00:02]} 30. a7 {[%emt 0:00:02]} Na3 {[%emt 0:00:09]} 31.
Nfe5 { [%emt 0:00:08]} Nab5 {[%emt 0:00:03]} 32. Nd7 {[%emt 0:00:21]} Na8
{[%emt 0:00:16]} 33. Kf1 {[%emt 0:00:09]} f6 {[%emt 0:00:09]} 34. Ke2 {[%emt
0:00:16]} Kf7 {[%emt 0:00:01]} 35. Kd3 {[%emt 0:00:05]} Ke8 {[%emt 0:00:02]}
36. Nc5 { [%emt 0:00:03]} Nbc7 {[%emt 0:00:33]} 37. Kc3 {[%emt 0:00:05]} Kf7
{[%emt 0:00:38]} 38. Kb4 {[%emt 0:00:03]} e5 {[%emt 0:00:28]} 39. dxe5 {[%emt
0:00:02]} fxe5 {[%emt 0:00:02]} 40. Nxe5+ {[%emt 0:00:00]} Kf6 {[%emt 0:00:04]}
41. Nc6 { [%emt 0:00:06]} Kg5 {[%emt 0:00:18]} 42. Ka5 {[%emt 0:00:03]} Kf4
{[%emt 0:00:14]} 43. Na6 {[%emt 0:00:01]} Ke4 {[%emt 0:00:20]} 44. Nxc7 {[%emt
0:00:04]} Nxc7 {[%emt 0:00:00]} 45. Kb6 {[%emt 0:00:01]} Na8+ {[%emt 0:00:04]}
46. Kb7 { [%emt 0:00:01]} d4 {[%emt 0:00:01]} 47. Nxd4 {[%emt 0:00:01]} Kxd4
{[%emt 0:00:00]} 48. Kxa8 {[%emt 0:00:00]} Ke4 {[%emt 0:00:01]} 49. Kb7 {[%emt
0:00:00]} Kf3 {[%emt 0:00:00]} 50. a8=Q {[%emt 0:00:01]} Kxf2 {[%emt 0:00:00]}
51. Qa3 { [%emt 0:00:01]} Kg2 {[%emt 0:00:01]} 52. Kc6 {[%emt 0:00:01]} 1-0